Science Quiz

Random Science or Animal Quiz

Name The Animal Quiz Stats

Quiz not verified by Sporcle

Challenge
Share
Tweet
Animal Quiz 2014
Score 0/8 Timer 15:00
0 Plays Today
Animal % Correct
Koala
79.3%
Human
75.9%
Arctic Hare
55.2%
Great White Shark
48.3%
Siberian Chipmunk
37.9%
Nutria Water Rat
34.5%
Leopard Gecko
27.6%
Oriental Small Clawed Otter
13.8%

You're not logged in!

Compare scores with friends on all Sporcle quizzes.
Join for Free
OR
Log In

You Might Also Like...

Show Comments

Extras

Created Dec 18, 2014ReportNominate
Tags:Animal Quiz, 2014

Top Quizzes Today


Score Distribution

Your Account Isn't Verified!

In order to create a playlist on Sporcle, you need to verify the email address you used during registration. Go to your Sporcle Settings to finish the process.

Report this User

Report this user for behavior that violates our Community Guidelines.

Details: